The heart of the matter
保存先:
| 第一著者: | |
|---|---|
| フォーマット: | 図書 |
| 言語: | 英語 |
| 出版事項: |
Londres
William Heinemann
1948
|
| 主題: | |
| タグ: |
タグ追加
タグなし, このレコードへの初めてのタグを付けませんか!
|
MARC
| LEADER | 00000nam a2200000 a 4500 | ||
|---|---|---|---|
| 001 | UCR3383 | ||
| 003 | CL-VaPUC | ||
| 008 | 980124e19480000UK |||||||||||||||||eng|d | ||
| 082 | 0 | 4 | |a 823 |b GRE |2 21 |
| 100 | 0 | |a Greene, Graham |e author |9 309259 | |
| 245 | 1 | 4 | |a The heart of the matter |
| 300 | |a 334 p | ||
| 942 | |c BK | ||
| 945 | |d 19980124 00:00:00 |a aolguin | ||
| 260 | |a Londres |b William Heinemann |c 1948 | ||
| 650 | 0 | |a Novelas inglesas |9 265220 | |
| 650 | 0 | |a Literatura inglesa |9 312907 | |
| 583 | |a last modification |c 19980124 00:00:00 |k Rodrigo Vera | ||
| 999 | |c 266462 |d 266460 | ||
| 952 | |0 0 |1 0 |4 0 |6 823_000000000000000_GRE_1948 |7 0 |8 A |9 298067 |a BIBEDU |b BIBEDU |d 2019-11-20 |i 1937588 |o 823 GRE 1948 |p 1937588 |r 2019-11-20 |w 2019-11-20 |y BK |k LIT | ||